Lógica de la prueba testimonial : motivación de la sentencia penal. /

Guardado en:
Autor Principal: Rinaldi, Marcelo J.
Otros Autores: Andruet (h), Armando Segundo., (prol.)
Formato: Libro
Idioma:Spanish
Publicado: Córdoba : Alveroni, 2015.
Edición:1a. ed.
Series:Lecciones y ensayos de derecho procesal ; 28
Materias:
Etiquetas: Agregar Etiqueta
Sin Etiquetas, Sea el primero en etiquetar este registro!
LEADER 00658nam a22001815a 4500
001 DER.der013907
008 190902s2015####ag############000#0#spa#d
005 20250702111105.0
245 1 0 |a Lógica de la prueba testimonial :  |b motivación de la sentencia penal. /  |c Marcelo J. Rinaldi ; prólogo de Armando Segundo Andruet (h). 
250 |a 1a. ed. 
260 |a Córdoba :  |b Alveroni,  |c 2015. 
300 |a 415 p. 
490 1 |a Lecciones y ensayos de derecho procesal ;  |v 28 
020 |a 9789876431170 
100 1 |a Rinaldi, Marcelo J. 
700 1 |a Andruet (h), Armando Segundo.,  |e prol. 
650 7 |a DERECHO PROCESAL PENAL 
859 |a DERECHO  |b BIB. DERECHO  |h 345.05  |i RIN  |p 009058